| 000 | 01115nam a2200313 i 4500 | ||
|---|---|---|---|
| 001 | 000015733 | ||
| 003 | DO-SdBNP | ||
| 005 | 20230508125149.0 | ||
| 007 | ta | ||
| 008 | 100217e1992 dr ab gr 000 e spa d | ||
| 040 |
_aDO-SdBNP _bspa _cBNPHU _erda |
||
| 082 | 4 |
_a341.42729307294 _bH557h _222 |
|
| 100 | 1 |
_aHernández U., Marino A. _935400 |
|
| 245 | 1 | 0 |
_aHumanización de las zonas fronterizas dominico-haitianas / _cMarino A. Hernández U. |
| 264 |
_aSanto Domingo : _bTaller, _c1992. |
||
| 300 |
_axxix, 439 páginas : _bilustraciones, gráficas ; _c22 cm. |
||
| 336 |
_2rdacontent _atexto _btxt |
||
| 337 |
_2rdamedia _asin mediación _bn |
||
| 338 |
_2rdacarrier _avolumen _bnc |
||
| 590 | _aInventariado, 2018/BT | ||
| 650 | 4 |
_aHaití _xIncidentes fronterizos _99549 |
|
| 651 | 4 |
_aRepública Dominicana _vLímites _xHistoria _99547 |
|
| 651 | 4 |
_aHaití _vLímotes _xHistoria _99548 |
|
| 651 | 4 |
_aRepública Dominicana _xIncidentes Fronterizos _98407 |
|
| 651 | 4 |
_aRepública Dominicana _xHistoria _9170 |
|
| 651 | 4 |
_aHaití _xHistoria _98418 |
|
| 910 | _aValidado. Control de calidad. EMS | ||
| 942 |
_2ddc _cLBS1 |
||
| 999 |
_c15283 _d15283 |
||